000 00441nam a22001697a 4500
005 20160519122500.0
008 160519b xxu||||| |||| 00| 0 eng d
020 _a81-7758-386-7
041 _aeng
082 _b3181
100 _aPetersen / H. Craig Lewis / W.Cris Jain/Sudir K.
_9796
245 _aManagerial Economics
260 _aNew Delhi
_bPHI learning Pvt. Ltd.
_c2008
300 _a611
650 _aManagement
_9241
942 _cBK
999 _c1094
_d1094